|
|
|
|
| LEADER |
02056cam a2200541 i 4500 |
| 001 |
nkc20243639173 |
| 003 |
CZ PrNK |
| 005 |
20250407094912.0 |
| 007 |
ta |
| 008 |
241023s2025 xr ach e 000 0 cze |
| 015 |
|
|
|a cnb003639173
|
| 020 |
|
|
|a 978-80-11-05729-9
|q (vázáno)
|
| 035 |
|
|
|a (OCoLC)1519101913
|
| 040 |
|
|
|a BOA001
|b cze
|d OLA001
|e rda
|
| 043 |
|
|
|a e-xr---
|b e-xr-pg
|2 czenas
|
| 072 |
|
7 |
|a 908(437)
|x Vlastivěda Česka a Slovenska
|2 Konspekt
|9 8
|
| 080 |
|
|
|a 77.039
|2 MRF
|
| 080 |
|
|
|a 913:94
|2 MRF
|
| 080 |
|
|
|a 908(437.311)
|2 MRF
|
| 080 |
|
|
|a (437.311)
|2 MRF
|
| 080 |
|
|
|a (084.12)
|2 MRF
|
| 100 |
1 |
|
|a Bínová, Helena
|7 mzk2015854248
|4 aut
|
| 245 |
1 |
0 |
|a Historie Suchdola ve fotografiích /
|c autoři Helena Bínová, Josef Jánský, Bohumil Sommer, Petra Wendelová
|
| 250 |
|
|
|a Vydání první
|
| 264 |
|
1 |
|a [Praha] :
|b Spolek historie Suchdola z.s.,
|c 2025
|
| 300 |
|
|
|a 186 stran :
|b ilustrace, portréty, faksimile ;
|c 29 cm
|
| 336 |
|
|
|a text
|b txt
|2 rdacontent
|
| 336 |
|
|
|a statický obraz
|b sti
|2 rdacontent
|
| 337 |
|
|
|a bez média
|b n
|2 rdamedia
|
| 338 |
|
|
|a svazek
|b nc
|2 rdacarrier
|
| 500 |
|
|
|a 250 výtisků
|
| 504 |
|
|
|a Obsahuje bibliografii
|
| 650 |
0 |
7 |
|a historické fotografie
|7 ph135159
|z Česko
|2 czenas
|
| 650 |
0 |
7 |
|a historický místopis
|7 ph137052
|z Česko
|2 czenas
|
| 650 |
0 |
9 |
|a historical photographs
|z Czechia
|2 eczenas
|
| 650 |
0 |
9 |
|a historical topography
|z Czechia
|2 eczenas
|
| 651 |
|
7 |
|a Suchdol (Praha, Česko)
|7 ge130996
|x vlastivěda a dějiny
|2 czenas
|
| 651 |
|
9 |
|a Suchdol (Prague, Czechia)
|x local history and geography
|2 eczenas
|
| 655 |
|
7 |
|a fotografické publikace
|7 fd132276
|2 czenas
|
| 655 |
|
9 |
|a photographical works
|2 eczenas
|
| 700 |
1 |
|
|a Jánský, Josef,
|d 1949-
|7 jx20080429007
|4 aut
|
| 700 |
1 |
|
|a Sommer, Bohumil
|7 mzk20221157085
|4 aut
|
| 700 |
1 |
|
|a Wendelová, Petra,
|d 1962-
|7 xx0205583
|4 aut
|
| 910 |
2 |
|
|a BOA001
|b 4-1539.904
|
| 990 |
|
|
|a BK
|
| 995 |
|
|
|a 01
|
| 991 |
|
|
|b 202503
|c NOV
|
| 996 |
6 |
|
|b 2610998715
|c 4-1539.904
|l MZK
|r Sklad / do 1 hodiny
|n 0
|p p.v.
|w 001999500
|u 000010
|a 1
|e BOA001
|j MZK50
|s P
|